[Event "SRB-chT (Women) Div1"]
[Site "Senta"]
[Date "2023.10.11"]
[Round "2.1"]
[White "Rakhmangulova, Anastasiya"]
[Black "Sandu, Mihaela"]
[Result "0-1"]
[WhiteElo "2354"]
[BlackElo "2298"]
[PlyCount "58"]
[EventDate "2023.10.10"]
[EventType "team-tourn"]
[EventRounds "11"]
[EventCountry "SRB"]
[SourceTitle "Mega2024 Update 01"]
[Source "Chessbase"]
[SourceDate "2023.11.12"]
[SourceVersion "1"]
[SourceVersionDate "2023.11.12"]
[SourceQuality "1"]
[WhiteTeam "Sremska Mitrovica Sirmium (W)"]
[BlackTeam "Kac Jugovic (W)"]
[WhiteTeamCountry "SRB"]
[BlackTeamCountry "SRB"]

1. e4 e5 2. Nf3 Nc6 3. Bc4 Bc5 4. d3 Nf6 5. Nc3 h6 6. 0-0 a6 7. a4 d6 8. Be3 Bxe3 9. fxe3 Be6 10. Nd2 0-0 11. a5 Bxc4 12. Nxc4 b5 13. axb6 cxb6 14. Rxf6 Qxf6 15. Nxb6 Ra7 16. Ncd5 Qg5 17. Nc4 f5 18. Nd2 a5 19. c3 Rb7 20. Qc2 Ne7 21. Nxe7+ Rxe7 22. Qb3+ Kh7 23. Re1 Ref7 24. Qd5 fxe4 25. Qxe4+ Kh8 26. Re2 d5 27. Qxd5 Qg4 28. Re1 Rf2 29. Nf1 Qe2 0-1

[Event "EU-ch (Women) 23rd"]
[Site "Petrovac"]
[Date "2023.03.23"]
[Round "6"]
[White "Sandu, Mihaela"]
[Black "Lomaia, Diana"]
[Result "1-0"]
[WhiteElo "2211"]
[BlackElo "1950"]
[PlyCount "111"]
[EventDate "2023.03.18"]
[EventType "swiss"]
[EventRounds "11"]
[EventCountry "MNE"]
[SourceTitle "CBM 213 Extra"]
[Source "ChessBase"]
[SourceDate "2023.05.31"]
[SourceVersion "1"]
[SourceVersionDate "2023.05.31"]
[SourceQuality "1"]

1. e4 c5 2. Nf3 e6 3. d4 cxd4 4. Nxd4 Nc6 5. Nc3 Qc7 6. Be3 a6 7. g4 b5 8. Nxc6 Qxc6 9. Qd2 Bb7 10. f3 Rc8 11. 0-0-0 Ne7 12. Bd3 b4 13. Ne2 Qa4 14. Kb1 d5 15. Nf4 Ng6 16. b3 Qa5 17. Bd4 Rd8 18. exd5 Nxf4 19. Qxf4 Bxd5 20. Rhe1 Bb7 21. Qe3 Rd6 22. Bc5 Rd5 23. Bb6 Bc5 24. Bxa5 Bxe3 25. Bxb4 Bf2 26. Rf1 Bc5 27. Bxc5 Rxc5 28. b4 Rc7 29. Kb2 Ke7 30. c4 a5 31. a3 Rb8 32. Kc3 Rbc8 33. f4 Ba6 34. c5 Bb7 35. Bc4 Be4 36. Rd4 Bg2 37. Rf2 Bb7 38. g5 g6 39. Rfd2 axb4+ 40. axb4 Ra8 41. b5 Rac8 42. c6 Bxc6 43. bxc6 Rxc6 44. h4 Rc5 45. Kb4 Rf5 46. Ra2 Rb8+ 47. Kc3 Kf8 48. Ra7 Rc5 49. Kd3 Rbc8 50. Ba6 Rb8 51. Ke4 Rf5 52. Bd3 Re8 53. Kf3 e5 54. Bxf5 exd4 55. Be4 Rd8 56. Ra8 1-0

[Event "ROM-ch (Women)"]
[Site "Sebes"]
[Date "2023.02.26"]
[Round "9"]
[White "Peptan, Corina Isabela"]
[Black "Sandu, Mihaela"]
[Result "1-0"]
[WhiteElo "2351"]
[BlackElo "2206"]
[PlyCount "89"]
[EventDate "2023.02.19"]
[EventType "swiss"]
[EventRounds "9"]
[EventCountry "ROU"]
[SourceTitle "CBM 212 Extra"]
[Source "ChessBase"]
[SourceDate "2023.03.31"]
[SourceVersion "1"]
[SourceVersionDate "2023.03.31"]
[SourceQuality "1"]

1. Nf3 Nf6 2. b3 b6 3. Bb2 Bb7 4. e3 e6 5. c4 d5 6. Nc3 a6 7. Rc1 Nbd7 8. cxd5 exd5 9. Qc2 Bd6 10. Ne2 c5 11. Ng3 g6 12. Bd3 Qe7 13. 0-0 0-0 14. Rfe1 Ne4 15. Bf1 Rac8 16. Ba1 f6 17. Qd1 f5 18. d3 Ng5 19. Nxg5 Qxg5 20. d4 f4 21. exf4 Bxf4 22. Rc2 Rf7 23. Qd3 Nf6 24. Bb2 Ng4 25. dxc5 bxc5 26. Rxc5 Rxc5 27. Re8+ Rf8 28. Qd4 Qh6 29. Rxf8+ Qxf8 30. Qh8+ Kf7 31. Qxh7+ Ke8 32. Qxg6+ Qf7 33. Qxg4 Rc2 34. Bd4 Bc8 35. Qh4 Rc1 36. Ne2 Bd7 37. Nxc1 Bxc1 38. Qh8+ Ke7 39. Qe5+ Kf8 40. Qd6+ Kg8 41. Qxa6 Bf4 42. Qa8+ Kh7 43. Bd3+ Bf5 44. Qh8+ Kg6 45. g4 1-0

[Event "ROM-ch (Women)"]
[Site "Sebes"]
[Date "2023.02.24"]
[Round "7"]
[White "Cosma, Elena Luminita"]
[Black "Sandu, Mihaela"]
[Result "1-0"]
[WhiteElo "2244"]
[BlackElo "2206"]
[PlyCount "85"]
[EventDate "2023.02.19"]
[EventType "swiss"]
[EventRounds "9"]
[EventCountry "ROU"]
[SourceTitle "CBM 212 Extra"]
[Source "ChessBase"]
[SourceDate "2023.03.31"]
[SourceVersion "1"]
[SourceVersionDate "2023.03.31"]
[SourceQuality "1"]

1. Nf3 Nf6 2. c4 e6 3. g3 c5 4. Bg2 Nc6 5. 0-0 Be7 6. d4 d5 7. cxd5 Nxd5 8. dxc5 Qa5 9. Bd2 Qxc5 10. Nc3 0-0 11. Rc1 Rd8 12. Qb3 Nf6 13. Nb5 Qb6 14. Be3 Qa5 15. Nbd4 Nxd4 16. Bxd4 Nd5 17. e4 Nb4 18. a3 Nc6 19. Bc3 Qh5 20. e5 Rb8 21. Bd2 Bd7 22. Rfe1 Be8 23. h4 h6 24. Be3 b6 25. Qc2 Rbc8 26. Qe4 Na5 27. g4 Qg6 28. Qxg6 fxg6 29. Rxc8 Rxc8 30. Nd4 Bd7 31. g5 Nc4 32. Bc1 hxg5 33. hxg5 Nxe5 34. Be4 Kf7 35. Kg2 Nc4 36. Nf3 Bd6 37. b3 Na5 38. Rd1 Ke7 39. Bb2 Nxb3 40. Bxg7 Bc6 41. Bxg6 Bf4 42. Bf6+ Kf8 43. Rh1 1-0

[Event "ROM-ch (Women)"]
[Site "Sebes"]
[Date "2023.02.23"]
[Round "6"]
[White "Sandu, Mihaela"]
[Black "Ciolacu, Alessia Mihaela"]
[Result "1/2-1/2"]
[WhiteElo "2206"]
[BlackElo "2231"]
[PlyCount "127"]
[EventDate "2023.02.19"]
[EventType "swiss"]
[EventRounds "9"]
[EventCountry "ROU"]
[SourceTitle "CBM 212 Extra"]
[Source "ChessBase"]
[SourceDate "2023.03.31"]
[SourceVersion "1"]
[SourceVersionDate "2023.03.31"]
[SourceQuality "1"]

1. e4 e5 2. Nf3 Nc6 3. Bb5 a6 4. Ba4 Nf6 5. 0-0 Be7 6. Re1 b5 7. Bb3 d6 8. c3 0-0 9. h3 Bb7 10. d4 Re8 11. Nbd2 Bf8 12. d5 Nb8 13. Nf1 h6 14. Ng3 c6 15. dxc6 Bxc6 16. a4 Nbd7 17. a5 Qc7 18. Be3 Qb7 19. Nd2 d5 20. exd5 Bxd5 21. Bxd5 Qxd5 22. Nde4 Qe6 23. Qf3 Nxe4 24. Qxe4 Nf6 25. Qh4 Nd5 26. Rad1 Rac8 27. Qe4 Nf6 28. Qf5 b4 29. Qxe6 Rxe6 30. Bb6 bxc3 31. bxc3 Bc5 32. Rd8+ Rxd8 33. Bxd8 Nd5 34. Ne4 Bf8 35. Rd1 Nf4 36. Bb6 Re8 37. Rd7 Rc8 38. Ra7 f5 39. Ng3 Rxc3 40. Nxf5 Rc1+ 41. Kh2 g6 42. Ng3 Nd5 43. Rxa6 Rc6 44. Ne4 Rc4 45. f3 Rc6 46. h4 Re6 47. g4 Be7 48. g5 hxg5 49. hxg5 Kf7 50. Kg3 Rc6 51. Kg2 Nf4+ 52. Kf1 Nd5 53. Kf2 Rc2+ 54. Kg3 Rc6 55. Kg4 Ne3+ 56. Kg3 Nd5 57. Ra7 Nxb6 58. Ra6 Bd8 59. axb6 Rxb6 60. Ra7+ Be7 61. Nf6 Rd6 62. Ng4 Ke6 63. Ra5 Rd5 64. Ra6+ 1/2-1/2

[Event "ROM-ch (Women)"]
[Site "Sebes"]
[Date "2023.02.20"]
[Round "2"]
[White "Sandu, Mihaela"]
[Black "Nikanova, Ekaterina"]
[Result "1-0"]
[WhiteElo "2206"]
[BlackElo "2030"]
[PlyCount "109"]
[EventDate "2023.02.19"]
[EventType "swiss"]
[EventRounds "9"]
[EventCountry "ROU"]
[SourceTitle "CBM 212 Extra"]
[Source "ChessBase"]
[SourceDate "2023.03.31"]
[SourceVersion "1"]
[SourceVersionDate "2023.03.31"]
[SourceQuality "1"]

1. e4 c5 2. Nf3 e6 3. b3 Nc6 4. Bb2 Nh6 5. Nc3 Nd4 6. Nb5 Nxb5 7. Bxb5 a6 8. Bd3 d6 9. Qe2 e5 10. Bc4 Be7 11. c3 0-0 12. 0-0 Kh8 13. d4 Qc7 14. dxe5 dxe5 15. Bc1 Ng4 16. h3 Nf6 17. a4 b6 18. Bg5 Bb7 19. Bxf6 Bxf6 20. Rad1 a5 21. Bd5 Ba6 22. c4 Rad8 23. g3 g6 24. Kg2 Bc8 25. Rh1 Qe7 26. Qe3 Bd7 27. Rd3 Bg7 28. Re1 Rde8 29. Red1 f5 30. Qd2 fxe4 31. Bxe4 Bf5 32. Qe3 Be6 33. Rd6 Rb8 34. R1d2 Rfd8 35. Qd3 Rxd6 36. Qxd6 Qxd6 37. Rxd6 Bf7 38. Ng5 Bg8 39. h4 Bf8 40. Rd7 Bg7 41. Bd5 h6 42. Ne4 Bh7 43. Nd6 Bg8 44. Bxg8 Kxg8 45. f3 Bf6 46. Ne4 Bg7 47. Kf2 h5 48. Ke2 Bh6 49. Kd3 Rf8 50. Ke2 Rb8 51. Nf6+ Kf8 52. Nd5 g5 53. hxg5 Bxg5 54. Rh7 Kg8 55. Rxh5 1-0